Statistics for Asian Cities Beginning With "A" Map Quiz

Click here to take the quiz!

General Stats

  • This quiz has been taken 1,756 times
  • The average score is 11 of 14

Answers on the Map

Answers color-coded by a green-red scale on the quiz's map according to % correct below.
 

Answer Stats

Answer% Correct
Abu Dhabi
96%
Ankara
96%
Amman
88%
Aleppo
86%
Ashgabat
82%
Angeles City
81%
Ahmedabad
80%
Antalya
80%
Aden
78%
Almaty
77%
Agra
73%
Astana
73%
Adana
66%
Amritsar
56%

Score Distribution

Percentile by Number Answered

Percent of People with Each Score

Your Score History

You have not taken this quiz